Pendidikan islam SPM

Bibliographic Details
Main Author: Khairunnisa' Yusoff
Other Authors: Nadhrah Faqihah
Format: Book
Published: Petaling Jaya : Sasbadi Sdn. Bhd. , 2016
Series:Xpress Asasi SPM
Subjects:

MARC

LEADER 00000cam a2200000 7i4500
001 0000205913
005 20160610.0
020 |a 9789835982040 
090 0 0 |a 297   |b KHA 
100 0 |a Khairunnisa' Yusoff 
245 1 0 |a Pendidikan islam SPM   |c Khairunnisa' Yusoff, Nadhrah Faqihah 
260 |a Petaling Jaya :   |b Sasbadi Sdn. Bhd. ,   |c 2016 
300 |a 244p. ;   |c 19cm. 
490 0 |a Xpress Asasi SPM 
650 0 |a Islamic studies   |x SPM 
700 1 |a Nadhrah Faqihah 
999 |a 00325605   |b BUKU   |c RUJUKAN ULANGKAJI   |e PERPUSTAKAAN KOMUNITI PETALING JAYA 
999 |a 00325606   |b BUKU   |c RUJUKAN ULANGKAJI   |e PERPUSTAKAAN KOMUNITI PETALING JAYA 
999 |a 00325607   |b BUKU   |c RUJUKAN ULANGKAJI   |e PERPUSTAKAAN KOMUNITI PETALING JAYA 
999 |a 00325608   |b BUKU   |c PINJAMAN   |e PERPUSTAKAAN KOMUNITI PETALING JAYA 
999 |a 00325609   |b BUKU   |c PINJAMAN   |e PERPUSTAKAAN KOMUNITI PETALING JAYA 
999 |a 00325610   |b BUKU   |c PINJAMAN   |e PERPUSTAKAAN KOMUNITI PETALING JAYA 
999 |a 00325611   |b BUKU   |c PINJAMAN   |e PERPUSTAKAAN KOMUNITI PETALING JAYA 
999 |a 00325612   |b BUKU   |c PINJAMAN   |e PERPUSTAKAAN KOMUNITI PETALING JAYA 
999 |a 00325613   |b BUKU   |c PINJAMAN   |e PERPUSTAKAAN KOMUNITI PETALING JAYA 
999 |a 00325614   |b BUKU   |c PINJAMAN   |e PERPUSTAKAAN KOMUNITI PETALING JAYA 
999 |a 00325620   |b BUKU   |c RUJUKAN ULANGKAJI   |e PERPUSTAKAAN KOMUNITI CAW TAMAN MEDAN 
999 |a 00325621   |b BUKU   |c RUJUKAN ULANGKAJI   |e PERPUSTAKAAN KOMUNITI CAW TAMAN MEDAN 
999 |a 00325622   |b BUKU   |c PINJAMAN   |e PERPUSTAKAAN KOMUNITI CAW TAMAN MEDAN 
999 |a 00325623   |b BUKU   |c PINJAMAN   |e PERPUSTAKAAN KOMUNITI CAW TAMAN MEDAN 
999 |a 00325624   |b BUKU   |c PINJAMAN   |e PERPUSTAKAAN KOMUNITI CAW TAMAN MEDAN